[Event "6.Torneo de Promoción Almansa B 2011"]
[Site "Almansa (Albacete)"]
[Date "2011.08.11"]
[Round "4.6"]
[White "Moreno Brocalero, Jorge"]
[Black "Tonus, Alex"]
[Result "0-1"]
[WhiteElo "1886"]
[BlackElo "1993"]
[PlyCount "82"]
[EventDate "2011.08.09"]
[EventType "swiss"]
[EventRounds "9"]
[EventCountry "ESP"]
[Source "lmi"]
[SourceDate "2011.08.09"]

1. e4 c5 2. Nf3 d6 3. c3 Nf6 4. Bc4 e6 5. Qa4+ Nc6 6. e5 dxe5 7. Nxe5 Bd7 8.
Nxc6 Bxc6 9. Bb5 Qc7 10. Bxc6+ bxc6 11. d4 cxd4 12. cxd4 Bd6 13. h3 O-O 14. O-O
Rab8 15. a3 h6 16. b4 Nd5 17. Nd2 Nc3 18. Qc2 Ne2+ 19. Kh1 Nxd4 20. Qc4 Nf5 21.
Nb3 Be5 22. Ra2 Nd6 23. Qc5 Rb5 24. Qc2 Nb7 25. f4 Bf6 26. Be3 a5 27. a4 Rxb4
28. Bd2 Rb6 29. Nxa5 Ra8 30. Nc4 Rba6 31. f5 Re8 32. fxe6 Rxe6 33. Bf4 Qe7 34.
Rf3 c5 35. Rb2 Bd4 36. Rb1 Re1+ 37. Kh2 Bg1+ 38. Kh1 Rae6 39. Bd2 Bf2+ 40. Bxe1
Rxe1+ 41. Kh2 Qc7+ 0-1

[Event "6.Torneo de Promoción Almansa B 2011"]
[Site "Almansa (Albacete)"]
[Date "2011.08.11"]
[Round "4.7"]
[White "Gomez Salinas, Nestor"]
[Black "Bernabeu Lopez, Carlos Javier"]
[Result "1-0"]
[WhiteElo "1912"]
[BlackElo "1760"]
[PlyCount "65"]
[EventDate "2011.08.09"]
[EventType "swiss"]
[EventRounds "9"]
[EventCountry "ESP"]
[Source "lmi"]
[SourceDate "2011.08.09"]

1. e4 e5 2. Nf3 Nf6 3. Nxe5 Nxe4 4. Qe2 Qe7 5. Qxe4 d6 6. d4 dxe5 7. Qxe5 Qxe5+
8. dxe5 Bf5 9. c3 Nd7 10. f4 O-O-O 11. Be3 Bc5 12. Bxc5 Nxc5 13. Nd2 Rd7 14.
Nb3 Ne4 15. Nd4 Bg6 16. Be2 c5 17. f5 h5 18. fxg6 cxd4 19. gxf7 d3 20. Bxh5 Re7
21. Bg4+ Kc7 22. e6 Ng5 23. Kd2 Ne4+ 24. Ke3 Nf6 25. Bf5 Rd8 26. Rad1 g6 27.
Bh3 Nd5+ 28. Kd4 Nf6+ 29. Ke5 Nd7+ 30. Kf4 Nf8 31. Kg5 Nxe6+ 32. Kf6 Kd6 33.
Rxd3+ 1-0

[Event "6.Torneo de Promoción Almansa B 2011"]
[Site "Almansa (Albacete)"]
[Date "2011.08.11"]
[Round "4.9"]
[White "Ontanon Gomez, Jesus"]
[Black "Martin Lozano, Guillermo"]
[Result "1/2-1/2"]
[WhiteElo "1892"]
[BlackElo "1604"]
[PlyCount "99"]
[EventDate "2011.08.09"]
[EventType "swiss"]
[EventRounds "9"]
[EventCountry "ESP"]
[Source "lmi"]
[SourceDate "2011.08.09"]

1. e4 c6 2. d4 d5 3. exd5 cxd5 4. c4 Nf6 5. Nc3 e6 6. c5 Nc6 7. Nf3 a6 8. a3
Be7 9. Be2 Ne4 10. Bf4 Nxc3 11. bxc3 b6 12. cxb6 Qxb6 13. O-O O-O 14. Bd3 Bf6
15. Qc2 g6 16. Rfe1 Bd7 17. h4 Rac8 18. Qd2 h5 19. Ne5 Nxe5 20. Bxe5 Bg7 21.
Bxg7 Kxg7 22. Rab1 Qa5 23. Rb7 Qxc3 24. Qxc3 Rxc3 25. Rxd7 Rxd3 26. Rxe6 Rxd4
27. Rxa6 Re8 28. g3 Rd1+ 29. Kg2 d4 30. Raa7 d3 31. Rxf7+ Kh8 32. Rfd7 d2 33.
a4 Kg8 34. a5 Kf8 35. Rf7+ Kg8 36. Rg7+ Kh8 37. Rgd7 Kg8 38. a6 Kf8 39. Rf7+
Kg8 40. Rg7+ Kh8 41. Rgd7 Kg8 42. Rab7 Ra1 43. Rxd2 Rxa6 44. Rdd7 Rf6 45. Kf1
Rc8 46. Ke2 Rc2+ 47. Kd3 Rcxf2 48. Rd8+ Rf8 49. Rxf8+ Kxf8 50. Ke4 1/2-1/2

[Event "6.Torneo de Promoción Almansa B 2011"]
[Site "Almansa (Albacete)"]
[Date "2011.08.11"]
[Round "4.11"]
[White "Castilla Arteaga, Carlos David"]
[Black "Sanchez Sanchez, Alberto"]
[Result "0-1"]
[WhiteElo "1764"]
[BlackElo "1983"]
[PlyCount "58"]
[EventDate "2011.08.09"]
[EventType "swiss"]
[EventRounds "9"]
[EventCountry "ESP"]
[Source "lmi"]
[SourceDate "2011.08.09"]

1. e4 a6 2. Nf3 b5 3. a3 Bb7 4. Nc3 e6 5. d4 Nf6 6. Bg5 Be7 7. Bxf6 Bxf6 8. e5
Be7 9. Bd3 O-O 10. Be4 Bxe4 11. Nxe4 d5 12. exd6 cxd6 13. O-O d5 14. Ned2 Nd7
15. Re1 Qc7 16. Ne5 Nxe5 17. dxe5 Rfc8 18. c3 a5 19. Qf3 Rab8 20. Nb3 b4 21.
cxb4 axb4 22. Rec1 Qxe5 23. a4 Qxb2 24. Qg3 Bf6 25. a5 Be5 26. Qd3 Rc3 27. Rxc3
bxc3 28. Rb1 Qa2 29. a6 c2 0-1

[Event "6.Torneo de Promoción Almansa B 2011"]
[Site "Almansa (Albacete)"]
[Date "2011.08.11"]
[Round "4.12"]
[White "Cano Manrique, Carlos Alberto"]
[Black "Boj Marques, Javier"]
[Result "1/2-1/2"]
[WhiteElo "1739"]
[BlackElo "1968"]
[PlyCount "67"]
[EventDate "2011.08.09"]
[EventType "swiss"]
[EventRounds "9"]
[EventCountry "ESP"]
[Source "lmi"]
[SourceDate "2011.08.09"]

1. e4 e5 2. Nf3 Nc6 3. Bb5 a6 4. Ba4 Nf6 5. O-O d6 6. d4 b5 7. Bb3 Bg4 8. dxe5
Nxe5 9. Nxe5 Bxd1 10. Bxf7+ Ke7 11. Nc6+ Kxf7 12. Nxd8+ Rxd8 13. Rxd1 Nxe4 14.
Nd2 Nxd2 15. Bxd2 Be7 16. Bc3 c5 17. Re1 b4 18. Bxg7 Rhg8 19. Bh6 Bf6 20. Rab1
d5 21. b3 Rb8 22. Bf4 Rb5 23. Be5 Re8 24. Bxf6 Rxe1+ 25. Rxe1 Kxf6 26. Kf1 Ra5
27. Ra1 Ke5 28. Ke2 Kd4 29. Kd2 c4 30. a4 bxa3 31. c3+ Ke4 32. b4 Ra4 33. Re1+
Kf4 34. Kc2 1/2-1/2

[Event "6.Torneo de Promoción Almansa B 2011"]
[Site "Almansa (Albacete)"]
[Date "2011.08.11"]
[Round "4.13"]
[White "Borja Perez, Jose"]
[Black "Castro Serrano, Oscar"]
[Result "1-0"]
[WhiteElo "1965"]
[BlackElo "1736"]
[PlyCount "41"]
[EventDate "2011.08.09"]
[EventType "swiss"]
[EventRounds "9"]
[EventCountry "ESP"]
[Source "lmi"]
[SourceDate "2011.08.09"]

1. d4 Nf6 2. Nf3 d5 3. c4 e6 4. Nc3 Bb4 5. Bg5 c5 6. dxc5 Qa5 7. Bxf6 gxf6 8.
e3 Bxc3+ 9. bxc3 Qxc3+ 10. Nd2 dxc4 11. Rc1 Qa5 12. Bxc4 Nc6 13. O-O Bd7 14.
Ne4 Ne5 15. Nxf6+ Ke7 16. Nxd7 Nxd7 17. Qd6+ Ke8 18. Bxe6 fxe6 19. Qxe6+ Kd8
20. Rfd1 Qa4 21. c6 1-0

[Event "6.Torneo de Promoción Almansa B 2011"]
[Site "Almansa (Albacete)"]
[Date "2011.08.11"]
[Round "4.14"]
[White "Martinez Escandell, Alfonso"]
[Black "Gonzalez Del Valls, Javier"]
[Result "1/2-1/2"]
[WhiteElo "1964"]
[BlackElo "1726"]
[PlyCount "63"]
[EventDate "2011.08.09"]
[EventType "swiss"]
[EventRounds "9"]
[EventCountry "ESP"]
[Source "lmi"]
[SourceDate "2011.08.09"]

1. d4 d5 2. c4 c6 3. Bf4 e6 4. Nc3 Nf6 5. e3 Bd6 6. Bxd6 Qxd6 7. Nf3 Nbd7 8.
Bd3 Qb4 9. a3 Qd6 10. O-O e5 11. dxe5 Nxe5 12. cxd5 Nxd5 13. Nxe5 Qxe5 14. Nxd5
Qxd5 15. Be2 Qxd1 16. Rfxd1 Ke7 17. Rd4 Be6 18. Rad1 Rhd8 19. Bf3 Rxd4 20. Rxd4
Rd8 21. Rxd8 Kxd8 22. Kf1 Kd7 23. Ke2 Bc4+ 24. Kd2 Kd6 25. g3 b6 26. Kc3 Be6
27. Be2 f6 28. Bd3 h6 29. Bg6 c5 30. f4 Bg8 31. Bd3 Be6 32. Bg6 1/2-1/2

[Event "6.Torneo de Promoción Almansa B 2011"]
[Site "Almansa (Albacete)"]
[Date "2011.08.11"]
[Round "4.15"]
[White "Trabazos Gallego, Javier"]
[Black "Guillen Beltran, Juan"]
[Result "0-1"]
[WhiteElo "1932"]
[BlackElo "1714"]
[PlyCount "132"]
[EventDate "2011.08.09"]
[EventType "swiss"]
[EventRounds "9"]
[EventCountry "ESP"]
[Source "lmi"]
[SourceDate "2011.08.09"]

1. d4 d5 2. Bf4 Bf5 3. Nf3 Nf6 4. e3 e6 5. Nbd2 Bd6 6. Ne5 Ne4 7. Be2 Nxd2 8.
Qxd2 f6 9. Nd3 Na6 10. a3 c5 11. Bxd6 Qxd6 12. f4 O-O 13. O-O cxd4 14. exd4 Nc7
15. c3 Ne8 16. Rae1 b6 17. Bf3 Qd7 18. Nf2 Nd6 19. g4 Bg6 20. f5 Nc4 21. Qe2
exf5 22. Qe7 Rad8 23. Qxd7 Rxd7 24. gxf5 Bxf5 25. Nd1 Nd2 26. Rf2 Nxf3+ 27.
Rxf3 Bg4 28. Rfe3 Bxd1 29. Rxd1 Kf7 30. Rde1 Rc8 31. Kf2 Rcc7 32. Rh3 h6 33.
Rh4 Kg6 34. Rh3 Re7 35. Rxe7 Rxe7 36. Rd3 b5 37. b3 a5 38. Rd2 Rc7 39. Rd3 Re7
40. Rd2 Kf5 41. Ra2 Rc7 42. Rc2 Ke4 43. Ke2 b4 44. axb4 axb4 45. Kd2 bxc3+ 46.
Rxc3 Ra7 47. Rc6 Kxd4 48. Ke2 Ra2+ 49. Kf3 Rb2 50. Rc7 Rxb3+ 51. Kf4 g5+ 52.
Kg4 Rb2 53. h3 Kd3 54. Rh7 Rb4+ 55. Kg3 d4 56. Rxh6 Kc3 57. Rxf6 d3 58. Rd6 d2
59. Kf2 Rd4 60. Rxd4 Kxd4 61. Ke2 Ke4 62. Kxd2 Kf3 63. Ke1 Kg3 64. Ke2 Kxh3 65.
Kf2 g4 66. Kg1 Kg3 0-1

[Event "6.Torneo de Promoción Almansa B 2011"]
[Site "Almansa (Albacete)"]
[Date "2011.08.11"]
[Round "5.1"]
[White "Gonzalez Lopez, Julian"]
[Black "Alcaraz Cordoba, Sergio"]
[Result "1-0"]
[WhiteElo "1948"]
[BlackElo "1959"]
[PlyCount "73"]
[EventDate "2011.08.09"]
[EventType "swiss"]
[EventRounds "9"]
[EventCountry "ESP"]
[Source "lmi"]
[SourceDate "2011.08.09"]

1. d4 d5 2. c4 e6 3. Nc3 Nf6 4. Bg5 c6 5. e3 Nbd7 6. Nf3 h6 7. Bh4 Be7 8. Bd3
dxc4 9. Bxc4 b5 10. Be2 b4 11. Na4 Qa5 12. b3 Ba6 13. Bxa6 Qxa6 14. Qe2 Qa5 15.
Rc1 Rc8 16. O-O O-O 17. Bxf6 Bxf6 18. Nc5 Nxc5 19. Rxc5 Qb6 20. Rfc1 Be7 21.
R5c4 f6 22. Qc2 c5 23. dxc5 Qa5 24. Qe4 e5 25. Nh4 Rfd8 26. Ng6 Rc7 27. Nxe7+
Rxe7 28. c6 Rc7 29. h4 Qxa2 30. Rxb4 Qa3 31. Rcc4 Rd1+ 32. Kh2 Kf7 33. Rb7 Qd6
34. Rxc7+ Qxc7 35. Rb4 Kf8 36. Rb7 Qc8 37. Qb4+ 1-0

[Event "6.Torneo de Promoción Almansa B 2011"]
[Site "Almansa (Albacete)"]
[Date "2011.08.11"]
[Round "5.2"]
[White "Perez Garcia, Jose Miguel"]
[Black "Navarro Molina, Carmelo Jose"]
[Result "1-0"]
[WhiteElo "1996"]
[BlackElo "1864"]
[PlyCount "167"]
[EventDate "2011.08.09"]
[EventType "swiss"]
[EventRounds "9"]
[EventCountry "ESP"]
[Source "lmi"]
[SourceDate "2011.08.09"]

1. d4 d5 2. Nf3 Nf6 3. g3 c6 4. Bg2 Bf5 5. O-O e6 6. c4 Be7 7. b3 O-O 8. Bb2
Nbd7 9. Nbd2 Ne4 10. e3 Re8 11. Qe2 Ndf6 12. Rfd1 Nxd2 13. Nxd2 Bb4 14. f3 Qe7
15. a3 Bd6 16. e4 dxe4 17. fxe4 Bg4 18. Bf3 Bxf3 19. Nxf3 e5 20. dxe5 Bc5+ 21.
Kg2 Ng4 22. Re1 Rad8 23. h3 Nh6 24. b4 Bb6 25. Rad1 a5 26. c5 Bc7 27. Rxd8 Rxd8
28. Rd1 axb4 29. Rxd8+ Qxd8 30. axb4 Kf8 31. Bd4 Ng8 32. Qc4 h6 33. Nh4 Qe8 34.
Qf1 Qe6 35. Qf5 Qa2+ 36. Bf2 Qe6 37. Ng6+ Ke8 38. Qxe6+ fxe6 39. Bd4 Kf7 40.
Nf4 Ne7 41. Kf3 Nc8 42. Ke3 b5 43. cxb6 Nxb6 44. Bxb6 Bxb6+ 45. Kd2 Ke7 46. Nd3
Bd4 47. Kc2 h5 48. Kb3 g5 49. Kc4 Be3 50. g4 hxg4 51. hxg4 Kd7 52. Ne1 Bc1 53.
Kc3 Be3 54. Nc2 Bc1 55. Kc4 Bb2 56. Nd4 Bc1 57. Nb3 Be3 58. Kd3 Bb6 59. Nd4 Bc7
60. Nf3 Bd8 61. Kc4 Be7 62. Nd4 Bf8 63. Nb3 Bg7 64. Nc5+ Ke7 65. Kd4 Bf8 66.
Nb7 Kd7 67. Kc4 Be7 68. Na5 Bd8 69. Kd4 Be7 70. Kc3 Bd8 71. Kc4 Bc7 72. Kc5
Bxe5 73. Nxc6 Bd6+ 74. Kb5 Bc7 75. Na5 Bg3 76. Nc4 Kc7 77. Nb2 Kd6 78. Nd3 Kc7
79. Ka6 Kb8 80. Kb6 Bc7+ 81. Kc6 Bh2 82. Kd7 Kb7 83. Kxe6 Kb6 84. Kf5 1-0

[Event "6.Torneo de Promoción Almansa B 2011"]
[Site "Almansa (Albacete)"]
[Date "2011.08.11"]
[Round "5.3"]
[White "Tonus, Alex"]
[Black "Castillo Pla, Emilio"]
[Result "1/2-1/2"]
[WhiteElo "1993"]
[BlackElo "1918"]
[PlyCount "111"]
[EventDate "2011.08.09"]
[EventType "swiss"]
[EventRounds "9"]
[EventCountry "ESP"]
[Source "lmi"]
[SourceDate "2011.08.09"]

1. e4 g6 2. d4 Bg7 3. Nc3 d6 4. f4 c6 5. Nf3 b5 6. a3 a6 7. Be3 Nf6 8. h3 O-O
9. Bd3 Nbd7 10. O-O Bb7 11. Qe1 c5 12. dxc5 Nxc5 13. Bxc5 dxc5 14. Rd1 c4 15.
e5 Qb6+ 16. Qf2 Qxf2+ 17. Rxf2 cxd3 18. exf6 dxc2 19. Rxc2 Bxf6 20. Nd5 Bxd5
21. Rxd5 Rac8 22. Rcd2 Rc4 23. f5 Rfc8 24. fxg6 hxg6 25. Rd8+ Rxd8 26. Rxd8+
Kg7 27. Ra8 Rc6 28. b3 Rd6 29. Kf2 Bb2 30. a4 bxa4 31. bxa4 Bc3 32. Ke2 a5 33.
Ra7 Kf6 34. Rc7 Bb4 35. Rc4 e5 36. Re4 Rd5 37. g4 Ke6 38. Rc4 f6 39. Rc6+ Rd6
40. Rxd6+ Bxd6 41. Nh4 Kf7 42. Ke3 Bc5+ 43. Kf3 Kg7 44. Ke4 Bf2 45. Nf3 Bg3 46.
Nd2 Kf7 47. Nc4 Be1 48. Kd5 Bc3 49. h4 Ke7 50. Nd6 Be1 51. h5 gxh5 52. gxh5 Bd2
53. Nf5+ Kf7 54. Nd6+ Kg7 55. Nf5+ Kf7 56. Nd6+ 1/2-1/2

[Event "6.Torneo de Promoción Almansa B 2011"]
[Site "Almansa (Albacete)"]
[Date "2011.08.11"]
[Round "5.4"]
[White "Diaz Rios, Ignacio Jose"]
[Black "Gomez Salinas, Nestor"]
[Result "1/2-1/2"]
[WhiteElo "1930"]
[BlackElo "1912"]
[PlyCount "68"]
[EventDate "2011.08.09"]
[EventType "swiss"]
[EventRounds "9"]
[EventCountry "ESP"]
[Source "lmi"]
[SourceDate "2011.08.09"]

1. e4 c5 2. Nf3 d6 3. d4 cxd4 4. Nxd4 Nf6 5. Nc3 a6 6. Bd3 e5 7. Nde2 Be7 8.
O-O b5 9. Bg5 Nbd7 10. b4 d5 11. exd5 Nxd5 12. Bxe7 Nxe7 13. a4 bxa4 14. Rxa4
Nb6 15. Ra3 O-O 16. Qa1 Nc6 17. Rd1 Qc7 18. b5 Nb4 19. bxa6 Nxd3 20. cxd3 Rd8
21. d4 exd4 22. Nxd4 Qc4 23. Ncb5 Bd7 24. Rc3 Qa4 25. Ra3 Qc4 26. Rc1 Qb4 27.
Rb3 Qa4 28. Qxa4 Nxa4 29. Nc7 Ra7 30. Rb7 Rxb7 31. axb7 Rb8 32. Ndb5 Rxb7 33.
Rd1 Nb6 34. h3 h6 1/2-1/2

[Event "6.Torneo de Promoción Almansa B 2011"]
[Site "Almansa (Albacete)"]
[Date "2011.08.11"]
[Round "5.5"]
[White "Sanchez Sanchez, Alberto"]
[Black "Martin Lozano, Alvaro"]
[Result "1-0"]
[WhiteElo "1983"]
[BlackElo "1907"]
[PlyCount "52"]
[EventDate "2011.08.09"]
[EventType "swiss"]
[EventRounds "9"]
[EventCountry "ESP"]
[Source "lmi"]
[SourceDate "2011.08.09"]

1. e4 e5 2. Nf3 Nc6 3. Bc4 Bc5 4. c3 Nf6 5. d4 exd4 6. e5 d5 7. Bb5 Ne4 8. cxd4
Bb4+ 9. Kf1 Be7 10. Qa4 Bd7 11. Qb3 Be6 12. Nbd2 a6 13. Be2 Bb4 14. Qc2 Nxd2+
15. Bxd2 Bxd2 16. Qxd2 h6 17. h3 Qd7 18. Kg1 g5 19. Rc1 g4 20. hxg4 Bxg4 21.
Rxh6 O-O-O 22. Rhxc6 Qxc6 23. Rxc6 bxc6 24. Bxa6+ Kd7 25. Qf4 Be6 26. Ng5 Rdf8
1-0

[Event "6.Torneo de Promoción Almansa B 2011"]
[Site "Almansa (Albacete)"]
[Date "2011.08.11"]
[Round "5.6"]
[White "Marco Catala, Juan Bautista"]
[Black "Talavera Garcia, Santiago"]
[Result "0-1"]
[WhiteElo "1812"]
[BlackElo "1986"]
[PlyCount "46"]
[EventDate "2011.08.09"]
[EventType "swiss"]
[EventRounds "9"]
[EventCountry "ESP"]
[Source "lmi"]
[SourceDate "2011.08.09"]

1. c4 e5 2. Nc3 Nc6 3. a3 g6 4. g3 Bg7 5. Bg2 d6 6. e3 Be6 7. d3 f5 8. Nge2 Nf6
9. O-O O-O 10. Qc2 Qd7 11. b3 d5 12. Bb2 Rad8 13. Rad1 Bf7 14. Rfe1 Qe7 15. h3
Rd7 16. cxd5 Nxd5 17. Nxd5 Bxd5 18. Bxd5+ Rxd5 19. Nc3 Rd7 20. Rd2 Rfd8 21.
Red1 Bh6 22. f4 exf4 23. exf4 Nd4 0-1

[Event "6.Torneo de Promoción Almansa B 2011"]
[Site "Almansa (Albacete)"]
[Date "2011.08.11"]
[Round "5.7"]
[White "Castro Fernandez, Fco Javier"]
[Black "Borja Perez, Jose"]
[Result "0-1"]
[WhiteElo "1791"]
[BlackElo "1965"]
[PlyCount "92"]
[EventDate "2011.08.09"]
[EventType "swiss"]
[EventRounds "9"]
[EventCountry "ESP"]
[Source "lmi"]
[SourceDate "2011.08.09"]

1. d4 Nf6 2. Nf3 d6 3. Nbd2 Nbd7 4. e4 e5 5. c3 Be7 6. Bd3 O-O 7. O-O h6 8. Re1
Re8 9. Nf1 c6 10. Ng3 Qc7 11. Nf5 Nf8 12. N3h4 Ng6 13. Nxg6 fxg6 14. dxe5 dxe5
15. Qb3+ Kh8 16. Nh4 g5 17. Ng6+ Kh7 18. Nxe7 Qxe7 19. Be3 Ng4 20. h3 Nxe3 21.
Rxe3 g4 22. hxg4 Bxg4 23. Rg3 Be6 24. Bc4 Bxc4 25. Qxc4 Rad8 26. Qe2 Rd6 27.
Rd1 Red8 28. Rgd3 Rxd3 29. Rxd3 Rxd3 30. Qxd3 Qh4 31. Qe3 b6 32. Qf3 Qf6 33.
Qf5+ Qxf5 34. exf5 Kg8 35. g4 Kf7 36. Kg2 Kf6 37. Kg3 Kg5 38. f3 h5 39. a4 hxg4
40. fxg4 e4 41. b4 e3 42. c4 e2 43. Kf2 Kxg4 44. a5 bxa5 45. bxa5 Kxf5 46. Kxe2
Ke4 0-1

[Event "6.Torneo de Promoción Almansa B 2011"]
[Site "Almansa (Albacete)"]
[Date "2011.08.11"]
[Round "5.8"]
[White "Lopez Mulet, Inigo"]
[Black "Garcia Ruano, Juan Carlos"]
[Result "0-1"]
[WhiteElo "1780"]
[BlackElo "1965"]
[PlyCount "88"]
[EventDate "2011.08.09"]
[EventType "swiss"]
[EventRounds "9"]
[EventCountry "ESP"]
[Source "lmi"]
[SourceDate "2011.08.09"]

1. Nf3 d5 2. g3 Nf6 3. Bg2 g6 4. O-O Bg7 5. c4 c6 6. cxd5 cxd5 7. d4 O-O 8. Nc3
Nc6 9. Bf4 Qb6 10. b3 Rd8 11. Re1 Ne4 12. Na4 Qa5 13. e3 Bg4 14. a3 g5 15. b4
Qb5 16. h3 Bxf3 17. Bxf3 Nxd4 18. exd4 gxf4 19. Bxe4 dxe4 20. Nc3 Qc4 21. Nxe4
fxg3 22. Nxg3 Rxd4 23. Qf3 Qd5 24. Qxd5 Rxd5 25. Rac1 e6 26. Rc7 b5 27. Re3 Be5
28. Rb7 a5 29. Ne4 axb4 30. axb4 Ra1+ 31. Kg2 Rb1 32. Rf3 Rxb4 33. Ng5 Rf4 34.
Nxf7 Rxf3 35. Kxf3 Bg7 36. Kg4 h6 37. f4 Rd4 38. Kh5 Kh7 39. Rxb5 Rxf4 40. Rb7
Rf5+ 41. Kg4 Kg6 42. Nd8 Be5 43. h4 h5+ 44. Kh3 Rf2 0-1

[Event "6.Torneo de Promoción Almansa B 2011"]
[Site "Almansa (Albacete)"]
[Date "2011.08.11"]
[Round "5.9"]
[White "Montiel Miguelez, Manuel"]
[Black "Ribera Cebolla, Marc"]
[Result "1/2-1/2"]
[WhiteElo "1937"]
[BlackElo "1726"]
[PlyCount "64"]
[EventDate "2011.08.09"]
[EventType "swiss"]
[EventRounds "9"]
[EventCountry "ESP"]
[Source "lmi"]
[SourceDate "2011.08.09"]

1. e4 c5 2. Nf3 e6 3. d4 cxd4 4. Nxd4 a6 5. c4 Qc7 6. Nc3 Bb4 7. Bd2 Nf6 8. Qc2
b6 9. Bd3 Bb7 10. O-O-O Nc6 11. Nxc6 Bxc6 12. a3 Bd6 13. Rdf1 O-O-O 14. f4 Be7
15. Kb1 d6 16. Qb3 Nd7 17. Be2 Nc5 18. Qc2 Qb7 19. Bf3 Bf6 20. f5 Bxc3 21. Bxc3
Bxe4 22. Bxe4 Nxe4 23. Bxg7 Rhg8 24. Bd4 e5 25. Bxb6 Nc3+ 26. Qxc3 Qxb6 27. g3
Rg4 28. Rc1 Qc6 29. c5 Qe4+ 30. Qc2 Qxc2+ 31. Rxc2 d5 32. Kc1 f6 1/2-1/2

[Event "6.Torneo de Promoción Almansa B 2011"]
[Site "Almansa (Albacete)"]
[Date "2011.08.11"]
[Round "5.10"]
[White "Guillen Beltran, Juan"]
[Black "Lucas Garcia, Pedro"]
[Result "1-0"]
[WhiteElo "1714"]
[BlackElo "1901"]
[PlyCount "103"]
[EventDate "2011.08.09"]
[EventType "swiss"]
[EventRounds "9"]
[EventCountry "ESP"]
[Source "lmi"]
[SourceDate "2011.08.09"]

1. e4 c5 2. Nf3 e6 3. d4 cxd4 4. Nxd4 Nc6 5. a3 Nf6 6. Nc3 a6 7. Be3 Be7 8. Be2
O-O 9. O-O Qc7 10. Bd3 b5 11. Nxc6 dxc6 12. f4 Nd7 13. e5 g6 14. Ne4 Bb7 15. c4
c5 16. Qc2 bxc4 17. Bxc4 Bd5 18. Rad1 Qc6 19. Nf6+ Nxf6 20. exf6 Bxf6 21. Bxd5
exd5 22. Qxc5 Qxc5 23. Bxc5 Rfc8 24. b4 Bb2 25. Rd3 Re8 26. Kf2 Re4 27. Kf3
Rae8 28. Rf2 Bc1 29. g3 Rc4 30. Kg2 Rce4 31. Rc2 Re2+ 32. Rxe2 Rxe2+ 33. Kh3
Ra2 34. Rxd5 Bxa3 35. Bd4 f5 36. Ra5 Rd2 37. Bc3 Bxb4 38. Bxb4 Rd4 39. Bc5 Rc4
40. Bb6 Rc6 41. Rxa6 h5 42. Kh4 Kf7 43. Ra7+ Ke6 44. Bd4 Rc2 45. Kg5 Rxh2 46.
Kxg6 h4 47. gxh4 Rxh4 48. Ra6+ Kd5 49. Be5 Rg4+ 50. Kxf5 Rg8 51. Rd6+ Kc5 52.
Ke6 1-0

[Event "6.Torneo de Promoción Almansa B 2011"]
[Site "Almansa (Albacete)"]
[Date "2011.08.11"]
[Round "5.11"]
[White "Martin Lozano, Guillermo"]
[Black "Villaescusa Navalon, Miguel"]
[Result "0-1"]
[WhiteElo "1604"]
[BlackElo "1898"]
[PlyCount "94"]
[EventDate "2011.08.09"]
[EventType "swiss"]
[EventRounds "9"]
[EventCountry "ESP"]
[Source "lmi"]
[SourceDate "2011.08.09"]

1. e4 e5 2. Nf3 Nc6 3. Bc4 Bc5 4. d3 Nf6 5. Bg5 h6 6. Bh4 d6 7. h3 Na5 8. Bb3
Nxb3 9. axb3 Be6 10. Nc3 a6 11. Nd5 Bxd5 12. exd5 g5 13. Bg3 Nxd5 14. Qe2 Qe7
15. Qe4 c6 16. O-O O-O 17. h4 f5 18. Qe2 f4 19. Bh2 g4 20. Nxe5 Qxe5 21. Qxg4+
Qg7 22. Qe6+ Kh8 23. Ra4 Rae8 24. Qh3 h5 25. Qf3 Qg4 26. Qxg4 hxg4 27. g3 Rg8
28. d4 Ba7 29. gxf4 Ne7 30. c3 Nf5 31. Bg3 Re2 32. Rb4 b5 33. Ra1 c5 34. dxc5
Bxc5 35. Rxa6 Bxb4 36. cxb4 Nxg3 37. fxg3 Rge8 38. Ra1 Re1+ 39. Rxe1 Rxe1+ 40.
Kf2 Re4 41. f5 d5 42. f6 Kg8 43. h5 d4 44. h6 d3 45. Kg2 d2 46. h7+ Kxh7 47. f7
Re2+ 0-1

[Event "6.Torneo de Promoción Almansa B 2011"]
[Site "Almansa (Albacete)"]
[Date "2011.08.11"]
[Round "5.12"]
[White "Fernandez Cano, Victor"]
[Black "Ontanon Gomez, Jesus"]
[Result "1/2-1/2"]
[WhiteElo "1766"]
[BlackElo "1892"]
[PlyCount "119"]
[EventDate "2011.08.09"]
[EventType "swiss"]
[EventRounds "9"]
[EventCountry "ESP"]
[Source "lmi"]
[SourceDate "2011.08.09"]

1. Nf3 c5 2. e3 g6 3. d4 cxd4 4. exd4 Bg7 5. Bf4 Nf6 6. Nbd2 O-O 7. c3 b6 8.
Bc4 Bb7 9. O-O d6 10. Re1 Nbd7 11. Bb3 Rc8 12. Qe2 Nh5 13. Bg5 Bf6 14. Bxf6
exf6 15. g3 Re8 16. Qd3 Qc7 17. Bc4 Kg7 18. Ba6 Bxa6 19. Qxa6 f5 20. Re2 Rxe2
21. Qxe2 Nhf6 22. Re1 Re8 23. Qd1 Qc8 24. Rxe8 Qxe8 25. Qe1 Qe6 26. Kf1 Qxa2
27. Qb1 Qxb1+ 28. Nxb1 b5 29. Nfd2 Nb6 30. f3 Nfd5 31. Ke2 Na4 32. c4 bxc4 33.
Nxc4 Ndb6 34. b3 Nxc4 35. bxc4 Kf6 36. f4 Ke6 37. Nd2 Kd7 38. Kd3 Nb6 39. Kc3
Nc8 40. Kb4 Ne7 41. Kb5 Kc8 42. Ka6 Kb8 43. Nb3 h6 44. Na5 g5 45. d5 gxf4 46.
gxf4 Ng6 47. Nc6+ Kc7 48. Nd4 Nxf4 49. Nxf5 h5 50. Kxa7 Ng6 51. Ka6 Ne5 52. Kb5
Nf3 53. h4 Kd7 54. Kb6 Ne5 55. Kb5 Ng6 56. Kb4 Ne7 57. Nxe7 Kxe7 58. Kc3 f5 59.
Kd3 Kf6 60. Ke3 1/2-1/2

[Event "6.Torneo de Promoción Almansa B 2011"]
[Site "Almansa (Albacete)"]
[Date "2011.08.11"]
[Round "5.13"]
[White "Triay Moll, Liberto"]
[Black "Moreno Brocalero, Edgar"]
[Result "0-1"]
[WhiteElo "1882"]
[BlackElo "1794"]
[PlyCount "110"]
[EventDate "2011.08.09"]
[EventType "swiss"]
[EventRounds "9"]
[EventCountry "ESP"]
[Source "lmi"]
[SourceDate "2011.08.09"]

1. Nf3 Nf6 2. g3 g6 3. Bg2 Bg7 4. O-O O-O 5. d3 d5 6. Nbd2 Bg4 7. e4 dxe4 8.
dxe4 e5 9. Re1 Nc6 10. c3 Qd3 11. Qb3 b6 12. Bf1 Qd6 13. Nc4 Na5 14. Nxa5 Bxf3
15. Nc4 Qe6 16. Bg2 Bxg2 17. Kxg2 Nh5 18. Ne3 Qc8 19. h3 Kh8 20. Ng4 f5 21. Nh6
Qd7 22. Bg5 fxe4 23. Rad1 Qe8 24. Rxe4 Nf6 25. Bxf6 Rxf6 26. Ng4 Rf8 27. Qd5
Rf5 28. Rd2 h5 29. Nxe5 Rxe5 30. Rxe5 Bxe5 31. Re2 Rd8 32. Qxe5+ Qxe5 33. Rxe5
c5 34. Re7 Rd2 35. Rxa7 Rxb2 36. h4 Rc2 37. Rb7 Rxc3 38. Rxb6 Kg7 39. Rb3 Rc2
40. a4 c4 41. Ra3 Rb2 42. Rc3 Rb4 43. a5 Ra4 44. a6 Kf6 45. Kf3 Ke5 46. a7 Kd4
47. Rc1 Rxa7 48. Rd1+ Kc3 49. Rc1+ Kd3 50. Rd1+ Kc2 51. Rd4 c3 52. Rc4 Kd3 53.
Rc6 c2 54. Kf4 Ra4+ 55. Kg5 Rc4 0-1

[Event "6.Torneo de Promoción Almansa B 2011"]
[Site "Almansa (Albacete)"]
[Date "2011.08.11"]
[Round "5.14"]
[White "Ortega Morales, Pedro"]
[Black "Nieves Cabanes, Jose Manuel"]
[Result "1/2-1/2"]
[WhiteElo "1865"]
[BlackElo "1722"]
[PlyCount "92"]
[EventDate "2011.08.09"]
[EventType "swiss"]
[EventRounds "9"]
[EventCountry "ESP"]
[Source "lmi"]
[SourceDate "2011.08.09"]

1. d4 d5 2. Bf4 Bf5 3. e3 e6 4. Bd3 Bxd3 5. Qxd3 Bd6 6. Ne2 Nd7 7. Bxd6 cxd6 8.
O-O Ngf6 9. c3 O-O 10. Nd2 a6 11. a4 Rc8 12. Rfc1 Nb6 13. b3 Qd7 14. a5 Na8 15.
c4 Nc7 16. e4 dxe4 17. Nxe4 Nxe4 18. Qxe4 d5 19. Qf3 h6 20. h3 Rfd8 21. Rd1 Ne8
22. c5 Nf6 23. Nc3 Re8 24. Re1 Qc6 25. b4 Rcd8 26. Qd3 Nd7 27. b5 axb5 28. Qxb5
e5 29. a6 Qxb5 30. Nxb5 bxa6 31. Nd6 Re6 32. Rxa6 exd4 33. Rxe6 Nxc5 34. Nb7
Nxb7 35. Re7 Nd6 36. Kf1 Kf8 37. Rea7 Ne8 38. Ke2 Rb8 39. Ra2 Rb3 40. Rd2 Rb4
41. Kd3 Nf6 42. Rc7 Rb3+ 43. Kxd4 Rb4+ 44. Kd3 Rb3+ 45. Kd4 Rb4+ 46. Kc5 Rb8
1/2-1/2